Towards improving the smallholder sector: Rubber industry smallholders Development Authority, Malaysia (Record no. 46496)

MARC details
000 -LEADER
fixed length control field 00378nam a2200133Ia 4500
100 ## - MAIN ENTRY--AUTHOR NAME
Personal name Isa Mohd
245 #0 - TITLE STATEMENT
Title Towards improving the smallholder sector: Rubber industry smallholders Development Authority, Malaysia
260 ## - PUBLICATION, DISTRIBUTION, ETC. (IMPRINT)
Name of publisher Leaflet
Year of publication 1973
300 ## - PHYSICAL DESCRIPTION
Number of Pages 11p
700 ## - ADDED ENTRY--PERSONAL NAME
Personal name Shah Ibrahim
700 ## - ADDED ENTRY--PERSONAL NAME
Personal name Wahid S b A
942 ## - ADDED ENTRY ELEMENTS (KOHA)
Koha item type Reprints
Holdings
Withdrawn status Lost status Damaged status Not for loan Home library Current library Date acquired Koha item type
      Reprints RRII Library RRII Library 22/12/2021 Reprints